书目信息 |
| 题名: |
如何开发乡村旅游
|
|
| 作者: | 陆素洁 主编 | |
| 分册: | ||
| 出版信息: | 北京 中国旅游出版社 2007 |
|
| 页数: | 289页 | |
| 开本: | 23cm | |
| 丛书名: | ||
| 单 册: | ||
| 中图分类: | F592.3 | |
| 科图分类: | ||
| 主题词: | 乡村--旅游经济--资源开发--研究--中国 , 乡村 , 旅游资源 , 资源开发 | |
| 电子资源: | ||
| ISBN: | 978-7-5032-3260-2 | |
| 000 | 00826nam0 2200265 450 | |
| 001 | 003592771 | |
| 005 | 20091207084259.91 | |
| 010 | @a978-7-5032-3260-2@dCNY26.00 | |
| 100 | @a20070608d2007 em y0chiy0110 ea | |
| 101 | 0 | @achi |
| 102 | @aCN@b110000 | |
| 105 | @aa z 000yy | |
| 106 | @ar | |
| 200 | 1 | @a如何开发乡村旅游@9ru he kai fa xiang cun lv you@f陆素洁主编 |
| 210 | @a北京@c中国旅游出版社@d2007 | |
| 215 | @a289页@c图@d23cm | |
| 330 | @a本书内容介绍了乡村旅游发展广阔前景、乡村旅游项目的开发、乡村旅游设施的建设、乡村旅游商品开发、乡村旅游餐饮开发与经营等。 | |
| 606 | 0 | @a乡村@x旅游经济@x资源开发@x研究@y中国 |
| 606 | 0 | @a乡村 |
| 606 | 0 | @a旅游资源 |
| 606 | 0 | @a资源开发 |
| 690 | @aF592.3@v4 | |
| 701 | 0 | @a陆素洁@9lu su jie@4主编 |
| 801 | 0 | @aCN@bNLC@c20091207 |
| 905 | @b20795626-30@dF592.3@e244@f5 | |
| 如何开发乡村旅游/陆素洁主编.-北京:中国旅游出版社,2007 |
| 289页:图;23cm |
| ISBN 978-7-5032-3260-2:CNY26.00 |
| 本书内容介绍了乡村旅游发展广阔前景、乡村旅游项目的开发、乡村旅游设施的建设、乡村旅游商品开发、乡村旅游餐饮开发与经营等。 |
| ● |
| 相关链接 |
|
|
|
|
正题名:如何开发乡村旅游
索取号:F592.3/244
 
预约/预借
| 序号 | 登录号 | 条形码 | 馆藏地/架位号 | 状态 | 备注 |
| 1 | 795626 | 207956265 | 第一样本阅览室/ [索取号:F592.3/244] | 在馆 | |
| 2 | 795627 | 207956274 | 第一借阅区/ [索取号:F592.3/244] | 在馆 | |
| 3 | 795628 | 207956283 | 第一借阅区/ [索取号:F592.3/244] | 在馆 | |
| 4 | 795629 | 207956292 | 第一借阅区/ [索取号:F592.3/244] | 在馆 | |
| 5 | 795630 | 207956309 | 密集书库-资源管理系/ [索取号:F592.3/244] | 在馆 |